Pengurusan konflik Melayu-Islam di wilayah Selatan Thailand /
Saved in:
| 主要作者: | |
|---|---|
| 格式: | Thesis 图书 |
| 语言: | Malay |
| 出版: |
2009.
|
| 主题: | |
| 标签: |
添加标签
没有标签, 成为第一个标记此记录!
|
| LEADER | 01266cam a2200289 a 4500 | ||
|---|---|---|---|
| 001 | u798414 | ||
| 003 | SIRSI | ||
| 005 | 201010201608 | ||
| 008 | 101020s2009 my a t 000 0 may m | ||
| 040 | |a UMM | ||
| 043 | |a a-th--- | ||
| 090 | |a U162 |b UM 2009 Mohzj | ||
| 100 | 0 | |a Mohamad Zaini Jaafar. | |
| 245 | 1 | 0 | |a Pengurusan konflik Melayu-Islam di wilayah Selatan Thailand / |c Mohamad Zaini bin Jaafar. |
| 260 | |c 2009. | ||
| 300 | |a xiii, 166 [80] leaves : |b ill. col. ; |c 30 cm. | ||
| 502 | |a Dissertation (M.A.(Strateg.Def.Stud.)) -- Jabatan Pengajian Antarabangsa dan Strategik, Fakulti Sastera dan Sains Sosial, Universiti Malaya, 2010. | ||
| 504 | |a Bibliography: leaves [167-175] | ||
| 650 | 0 | |a Malays (Asian people) |z Thailand, Southern |x Politics and government. | |
| 650 | 0 | |a Malays (Asian people) |z Thailand, Southern |x Ethnic identity. | |
| 650 | 0 | |a Muslims |z Thailand, Southern |x Politics and government. | |
| 650 | 0 | |a Muslims |z Thailand, Southern |x Ethnic identity. | |
| 650 | 0 | |a Islam and state |z Thailand, Southern. | |
| 710 | 2 | |a Universiti Malaya. |b Jabatan Pengajian Antarabangsa dan Strategik. | |
| 900 | |a HA-ZA | ||
| 596 | |a 1 | ||
| 999 | |a U162 UM 2009 MOHZJ |w LC |c 1 |i A514306704 |d 23/11/2018 |e 23/11/2018 |f 10/1/2011 |g 1 |l STACKS |m P01UTAMA |n 18 |r Y |s Y |t TESIS |u 6/1/2011 | ||
